[Event "7th Southwest Class Ch."]
[Site "Dallas"]
[Date "2016.02.11"]
[Round "1.1"]
[White "Xiong, Jeffery"]
[Black "Yanayt, Eugene"]
[Result "1-0"]
[WhiteElo "2588"]
[BlackElo "2190"]
[PlyCount "53"]
[EventDate "2016.02.??"]
[EventType "swiss"]
[EventRounds "9"]
[EventCountry "USA"]

1. e4 c5 2. Nf3 d6 3. d4 cxd4 4. Nxd4 Nf6 5. Nc3 a6 6. h3 e5 7. Nde2 Be7 8. g4
O-O 9. Bg2 Be6 10. Be3 Nbd7 11. O-O Nb6 12. b3 Qc7 13. a4 Rac8 14. a5 Nbd7 15.
Qd2 Rfd8 16. Rfc1 Qc6 17. Nd5 Bxd5 18. exd5 Qc7 19. c4 Nc5 20. Rab1 g6 21. Ng3
Ne8 22. Kh1 Ng7 23. b4 Nd7 24. f4 Re8 25. c5 f5 26. c6 Nf6 27. Bb6 1-0

[Event "7th Southwest Class Ch."]
[Site "Dallas"]
[Date "2016.02.11"]
[Round "1.2"]
[White "Eckert, Douglas"]
[Black "Stukopin, Andrey"]
[Result "0-1"]
[WhiteElo "2190"]
[BlackElo "2582"]
[PlyCount "82"]
[EventDate "2016.02.??"]
[EventType "swiss"]
[EventRounds "9"]
[EventCountry "USA"]

1. c4 e5 2. g3 Nc6 3. Nc3 d6 4. Bg2 Be6 5. d3 Qd7 6. Rb1 g6 7. b4 Bg7 8. b5 Nd8
9. Bd2 Ne7 10. Qc1 a6 11. a4 axb5 12. axb5 O-O 13. Nd5 Nc8 14. Bh6 c6 15. Bxg7
Kxg7 16. Nc3 f6 17. Nf3 Ne7 18. O-O c5 19. Qb2 Nf7 20. Ra1 Rab8 21. Nd2 h5 22.
h4 g5 23. Nf3 Nf5 24. hxg5 fxg5 25. e4 Nd4 26. Nxd4 cxd4 27. Ne2 g4 28. f4 gxf3
29. Rxf3 Ng5 30. Rxf8 Rxf8 31. Qd2 Kg6 32. Kh1 Bg4 33. Rf1 Rxf1+ 34. Bxf1 Bf3+
35. Kh2 Bxe4 36. Ng1 Qf5 37. Qe2 Bf3 38. Qf2 b6 39. Bg2 Bxg2 40. Qxf5+ Kxf5 41.
Kxg2 e4 0-1

[Event "7th Southwest Class Ch."]
[Site "Dallas"]
[Date "2016.02.11"]
[Round "1.3"]
[White "Indjic, Aleksandar"]
[Black "Furfine, Jacob"]
[Result "1-0"]
[WhiteElo "2562"]
[BlackElo "2181"]
[PlyCount "75"]
[EventDate "2016.02.??"]
[EventType "swiss"]
[EventRounds "9"]
[EventCountry "USA"]

1. d4 Nf6 2. Bg5 e6 3. e4 h6 4. Bxf6 Qxf6 5. c3 d6 6. Bd3 g5 7. Ne2 Bg7 8. O-O
e5 9. dxe5 dxe5 10. Ng3 O-O 11. Na3 Nd7 12. Nc2 Nc5 13. Bc4 c6 14. Ne3 Rd8 15.
Qc2 b5 16. Be2 Be6 17. b4 Na4 18. c4 a6 19. Ngf5 Bxf5 20. Nxf5 Bf8 21. c5 Rd7
22. g3 Rad8 23. Rfd1 a5 24. a3 Rxd1+ 25. Rxd1 Rxd1+ 26. Bxd1 axb4 27. axb4 Qd8
28. Kg2 Kh7 29. Qa2 Qd7 30. Bxa4 bxa4 31. Qxa4 Kg6 32. Qa6 f6 33. Qa8 Kf7 34.
Qa2+ Qe6 35. Qxe6+ Kxe6 36. Kf3 h5 37. Ke2 Kd7 38. Kd3 1-0

[Event "7th Southwest Class Ch."]
[Site "Dallas"]
[Date "2016.02.11"]
[Round "1.4"]
[White "Bykovtsev, Agata"]
[Black "Macieja, Bartlomiej"]
[Result "0-1"]
[WhiteElo "2176"]
[BlackElo "2559"]
[PlyCount "66"]
[EventDate "2016.02.??"]
[EventType "swiss"]
[EventRounds "9"]
[EventCountry "USA"]

1. e4 c5 2. Nf3 g6 3. Nc3 Bg7 4. Bc4 Nc6 5. O-O d6 6. Re1 a6 7. Bd5 Bd7 8. Bxc6
Bxc6 9. d4 cxd4 10. Nxd4 Nf6 11. Bg5 h6 12. Bh4 O-O 13. Nb3 Nd7 14. f4 Re8 15.
Qe2 b5 16. Rad1 b4 17. Nd5 Bxb2 18. Nd4 Bxd5 19. exd5 Nf6 20. Nc6 Qd7 21. Qc4
a5 22. Rd3 Kg7 23. a3 bxa3 24. c3 Rac8 25. Qd4 Qg4 26. g3 a2 27. Nxe7 Qxh4 28.
gxh4 Rxe7 29. Rxe7 a1=Q+ 30. Kg2 Bxc3 31. Qa7 Rf8 32. f5 Qa2+ 33. Kh3 Qc4 0-1

[Event "7th Southwest Class Ch."]
[Site "Dallas"]
[Date "2016.02.11"]
[Round "1.5"]
[White "Holt, Conrad"]
[Black "Ghatti, Sanjay"]
[Result "1/2-1/2"]
[WhiteElo "2542"]
[BlackElo "2172"]
[PlyCount "125"]
[EventDate "2016.02.??"]
[EventType "swiss"]
[EventRounds "9"]
[EventCountry "USA"]

1. d4 d5 2. c4 e6 3. Nc3 Nf6 4. cxd5 exd5 5. Bg5 c6 6. Qc2 h6 7. Bh4 g6 8. e3
Bf5 9. Bd3 Bxd3 10. Qxd3 Nbd7 11. Nge2 Bg7 12. O-O O-O 13. f3 Re8 14. Rad1 Qe7
15. Bf2 b5 16. Rfe1 Nb6 17. Qc2 h5 18. Nf4 Bh6 19. b3 Bxf4 20. exf4 Qd7 21. Re5
Rxe5 22. fxe5 Ne8 23. h3 Ng7 24. g4 hxg4 25. hxg4 Ne6 26. Be3 Kg7 27. Ne2 Rh8
28. Ng3 Qe7 29. Kg2 c5 30. Qd2 c4 31. f4 Qh4 32. Kf3 Qh2 33. f5 Qxd2 34. Rxd2
Nc7 35. Bf4 c3 36. Rf2 b4 37. Ke3 Nb5 38. e6 Rc8 39. g5 c2 40. Be5+ Kf8 41. Ne2
Nc3 42. Bd6+ Kg8 43. exf7+ Kxf7 44. fxg6+ Kg8 45. Nc1 Nd1+ 46. Kf3 Nxf2 47.
Kxf2 a5 48. Ke2 Rc6 49. Bf4 Kg7 50. Nd3 Nd7 51. Bc1 Kxg6 52. Nf4+ Kf5 53. Nxd5
Ke4 54. Ne3 Kxd4 55. Kd2 Ne5 56. Nxc2+ Ke4 57. Ne1 Nf7 58. Kd1 Rg6 59. a3 bxa3
60. Bxa3 Rxg5 61. Bc1 Rg1 62. Bd2 Ne5 63. Bxa5 1/2-1/2

[Event "7th Southwest Class Ch."]
[Site "Dallas"]
[Date "2016.02.11"]
[Round "1.6"]
[White "De Jesus, Jeffery"]
[Black "Sadorra, Julio"]
[Result "0-1"]
[WhiteElo "2169"]
[BlackElo "2514"]
[PlyCount "44"]
[EventDate "2016.02.??"]
[EventType "swiss"]
[EventRounds "9"]
[EventCountry "USA"]

1. e4 e6 2. d4 d5 3. exd5 exd5 4. Bd3 Nc6 5. Nf3 Bd6 6. c3 Nge7 7. O-O Bg4 8.
Nbd2 Qd7 9. b4 O-O 10. Re1 Ng6 11. Qc2 Rae8 12. Bb2 Nf4 13. Bxh7+ Kh8 14. b5
Na5 15. Bd3 Nxg2 16. Rxe8 (16. Kxg2 Bxf3+ 17. Nxf3 Qg4+) 16... Rxe8 17. Ne5
Bxe5 18. Kxg2 Bf3+ 19. Kxf3 Qh3+ 20. Ke2 Bf4+ 21. Kd1 Nc4 22. Bxc4 dxc4 0-1

[Event "7th Southwest Class Ch."]
[Site "Dallas"]
[Date "2016.02.11"]
[Round "1.7"]
[White "Li, Ruifing"]
[Black "Feinstein, Michael"]
[Result "1-0"]
[WhiteElo "2483"]
[BlackElo "2163"]
[PlyCount "83"]
[EventDate "2016.02.??"]
[EventType "swiss"]
[EventRounds "9"]
[EventCountry "USA"]

1. e4 c6 2. d4 d5 3. exd5 cxd5 4. c4 Nf6 5. Nc3 Nc6 6. Nf3 Bg4 7. Bg5 Ne4 8.
cxd5 Nxc3 9. bxc3 Qxd5 10. Qb3 Bxf3 11. gxf3 Qxb3 12. axb3 e6 13. Bd3 Bd6 14.
O-O O-O 15. b4 a6 16. Bd2 Be7 17. Be4 Rfd8 18. Bxc6 bxc6 19. Ra2 f6 20. f4 Kf7
21. Rfa1 Kg6 22. Rxa6 Rac8 23. Be3 Bd6 24. Kg2 e5 25. fxe5 fxe5 26. d5 cxd5 27.
Bc5 Kf5 28. Bxd6 Rxc3 29. R1a5 Ke4 30. Rc5 Rxc5 31. bxc5 d4 32. Ra1 Kd5 33. f3
d3 34. Kf2 g5 35. Ke3 g4 36. Kxd3 gxf3 37. Ke3 Rd7 38. Kxf3 Rf7+ 39. Ke3 Rb7
40. Rd1+ Ke6 41. Rc1 Rb3+ 42. Kd2 1-0

[Event "7th Southwest Class Ch."]
[Site "Dallas"]
[Date "2016.02.11"]
[Round "1.8"]
[White "Sawyer, Bradley"]
[Black "Gurevich, Daniel"]
[Result "0-1"]
[WhiteElo "2124"]
[BlackElo "2477"]
[PlyCount "80"]
[EventDate "2016.02.??"]
[EventType "swiss"]
[EventRounds "9"]
[EventCountry "USA"]

1. c4 c5 2. g3 Nc6 3. Bg2 g6 4. Nc3 Bg7 5. e4 Nf6 6. Nge2 h5 7. h3 d6 8. d3 Bd7
9. Be3 a6 10. d4 cxd4 11. Nxd4 Rc8 12. Nxc6 Bxc6 13. O-O O-O 14. Qe2 Qa5 15.
Rab1 Nd7 16. b4 Qd8 17. Rfc1 b6 18. f4 Ba8 19. Qd3 Re8 20. Bf2 Qc7 21. Nd5 Qb8
22. a4 e6 23. Ne3 Bc6 24. c5 dxc5 25. bxc5 b5 26. Nc2 Red8 27. Qe2 e5 28. Nb4
Qa8 29. Nxc6 Rxc6 30. axb5 axb5 31. Qxb5 h4 32. g4 exf4 33. e5 Nxe5 34. Bxc6
Nxc6 35. Rd1 Nd4 36. Qb7 Qxb7 37. Rxb7 Ne2+ 38. Kf1 Ng3+ 39. Bxg3 Rxd1+ 40. Ke2
hxg3 0-1

[Event "7th Southwest Class Ch."]
[Site "Dallas"]
[Date "2016.02.11"]
[Round "1.9"]
[White "Kiewra, Keaton"]
[Black "Wang, Justin"]
[Result "1-0"]
[WhiteElo "2428"]
[BlackElo "2118"]
[PlyCount "69"]
[EventDate "2016.02.??"]
[EventType "swiss"]
[EventRounds "9"]
[EventCountry "USA"]

1. e4 c5 2. Nf3 Nc6 3. d4 cxd4 4. Nxd4 g6 5. Nc3 Bg7 6. Be3 Nf6 7. Bc4 O-O 8.
Bb3 d6 9. f3 Bd7 10. Qd2 Rc8 11. h4 h5 12. O-O-O Ne5 13. Bh6 Nc4 14. Bxc4 Rxc4
15. Bxg7 Kxg7 16. Kb1 Qa5 17. Nb3 Qc7 18. g4 hxg4 19. h5 Rxc3 20. bxc3 Rh8 21.
hxg6 Rxh1 22. Rxh1 fxg6 23. fxg4 Bxg4 24. Qh6+ Kf7 25. Rf1 Qc4 26. Qh7+ Kf8 27.
Rf4 Bh5 28. Qh6+ Ke8 29. e5 Ne4 30. exd6 Nxc3+ 31. Ka1 Qe2 32. Qh8+ Kd7 33.
Qxc3 exd6 34. Qg7+ Kd8 35. Rf8+ 1-0

[Event "7th Southwest Class Ch."]
[Site "Dallas"]
[Date "2016.02.11"]
[Round "1.10"]
[White "Vaidya, Atulya"]
[Black "Brown, Michael"]
[Result "0-1"]
[WhiteElo "2103"]
[BlackElo "2424"]
[PlyCount "74"]
[EventDate "2016.02.??"]
[EventType "swiss"]
[EventRounds "9"]
[EventCountry "USA"]

1. d4 Nf6 2. c4 e6 3. Nc3 Bb4 4. Qc2 O-O 5. e4 d5 6. e5 Ne4 7. Bd3 c5 8. Nge2
cxd4 9. Nxd4 Nc5 10. O-O Nxd3 11. Qxd3 Nc6 12. Nxc6 bxc6 13. a3 Be7 14. b4 a5
15. b5 dxc4 16. Qxc4 cxb5 17. Nxb5 Bb7 18. Be3 Rc8 19. Qg4 Qd5 20. Nd6 Bxd6 21.
exd6 Qxd6 22. Rfd1 Bd5 23. Qa4 Qa6 24. Rac1 Qa8 25. Qg4 f5 26. Qg3 Rxc1 27.
Rxc1 Rf6 28. Rb1 Qc6 29. Rc1 Qa8 30. Rb1 Qc6 31. Rc1 Qe8 32. Qd6 h6 33. Qc5 Qg6
34. g3 f4 35. Bd4 Qe4 36. Kf1 e5 37. Ba1 Rc6 0-1

[Event "7th Southwest Class Ch."]
[Site "Dallas"]
[Date "2016.02.11"]
[Round "1.11"]
[White "Aponte, Felix"]
[Black "Yu, Jennifer"]
[Result "1-0"]
[WhiteElo "2409"]
[BlackElo "2102"]
[PlyCount "65"]
[EventDate "2016.02.??"]
[EventType "swiss"]
[EventRounds "9"]
[EventCountry "USA"]

1. c4 e5 2. Nc3 Nf6 3. e3 d5 4. cxd5 Nxd5 5. Nf3 Nc6 6. Bb5 Nxc3 7. bxc3 Bd6 8.
d4 exd4 9. cxd4 Bd7 10. O-O O-O 11. e4 a6 12. Bc4 Bg4 13. Bb2 Na5 14. Bd3 Be7
15. Bc3 c5 16. d5 b5 17. Bxa5 Qxa5 18. e5 Kh8 19. d6 Bd8 20. a4 c4 21. Be4 Rc8
22. h3 Bxf3 23. Qxf3 Bb6 24. e6 fxe6 25. Qh5 h6 26. Qg6 Kg8 27. Qxe6+ Kh8 28.
Qg6 Kg8 29. Qh7+ Kf7 30. Bg6+ Kf6 31. Bf5 Rcd8 32. Qg6+ Ke5 33. Qe6+ 1-0

[Event "7th Southwest Class Ch."]
[Site "Dallas"]
[Date "2016.02.11"]
[Round "1.12"]
[White "Gutman, Joshua"]
[Black "Mulyar, Michael"]
[Result "1/2-1/2"]
[WhiteElo "2092"]
[BlackElo "2408"]
[PlyCount "69"]
[EventDate "2016.02.??"]
[EventType "swiss"]
[EventRounds "9"]
[EventCountry "USA"]

1. d4 d5 2. c4 c6 3. Nf3 Nf6 4. Nc3 e6 5. g3 dxc4 6. Bg2 b5 7. O-O Bb7 8. e4
Be7 9. Bg5 h6 10. Bxf6 Bxf6 11. e5 Be7 12. Qc2 O-O 13. Rfe1 Nd7 14. Nd2 Qb6 15.
Rad1 Rfd8 16. Qe4 Nf8 17. Ne2 Rd7 18. Qg4 c5 19. Ne4 Bxe4 20. Bxe4 Rad8 21. d5
exd5 22. Bf5 Ne6 23. Nf4 Nxf4 24. gxf4 Rb7 25. e6 Rd6 26. exf7+ Kxf7 27. Rxd5
Rf6 28. Rde5 Kf8 29. Re6 Qd8 30. Rd1 Qe8 31. Bg6 Qxg6 32. Rxf6+ Qxf6 33. Qc8+
Kf7 34. Qxb7 Qxf4 35. Rd7 1/2-1/2

[Event "7th Southwest Class Ch."]
[Site "Dallas"]
[Date "2016.02.11"]
[Round "1.13"]
[White "Sheng, Joshua"]
[Black "Simms, Gary"]
[Result "1-0"]
[WhiteElo "2402"]
[BlackElo "2058"]
[PlyCount "91"]
[EventDate "2016.02.??"]
[EventType "swiss"]
[EventRounds "9"]
[EventCountry "USA"]

1. e4 d6 2. d4 Nf6 3. Nc3 Nbd7 4. f4 e5 5. Nf3 exd4 6. Qxd4 c6 7. Be3 d5 8.
exd5 Bc5 9. Qd3 Qe7 10. Nd4 Bxd4 11. Qxd4 cxd5 12. O-O-O O-O 13. Bf2 Nb6 14.
Bh4 Rd8 15. Bd3 Rd6 16. Rhe1 Qf8 17. f5 Bd7 18. g4 h6 19. g5 hxg5 20. Bxg5 Re8
21. Rg1 Nh7 22. f6 g6 23. Qh4 Ree6 24. Bh6 Qe8 25. Bg7 Rxf6 26. Bxf6 Qe3+ 27.
Kb1 Rxf6 28. Rgf1 Rxf1 29. Rxf1 Kg7 30. a3 Bc6 31. Rxf7+ Kxf7 32. Qxh7+ Ke8 33.
Qxg6+ Kd8 34. Qd6+ Nd7 35. Nxd5 Bxd5 36. Qxd5 Qg1+ 37. Ka2 Qxh2 38. Qxb7 Qf2
39. Qd5 Kc7 40. Bb5 Nb8 41. c4 a6 42. Ba4 Qf4 43. Qc5+ Kd8 44. Qb6+ Kc8 45. Bb3
Qe4 46. c5 1-0

[Event "7th Southwest Class Ch."]
[Site "Dallas"]
[Date "2016.02.11"]
[Round "1.14"]
[White "Green, Austen"]
[Black "Vazquez, Guillermo"]
[Result "0-1"]
[WhiteElo "2054"]
[BlackElo "2400"]
[PlyCount "40"]
[EventDate "2016.02.??"]
[EventType "swiss"]
[EventRounds "9"]
[EventCountry "USA"]

1. e4 c5 2. Nf3 d6 3. d4 cxd4 4. Nxd4 Nf6 5. Nc3 a6 6. Bg5 e6 7. f4 h6 8. Bh4
Qb6 9. Qd3 Qxb2 10. Rb1 Qa3 11. f5 Be7 12. fxe6 Bxe6 13. Nxe6 fxe6 14. Be2 Nbd7
15. O-O Rc8 16. Rb3 Qc5+ 17. Kh1 O-O 18. Qh3 Qe5 19. Bg3 Nxe4 20. Rxf8+ Bxf8
0-1

[Event "7th Southwest Class Ch."]
[Site "Dallas"]
[Date "2016.02.11"]
[Round "1.15"]
[White "Liang, Awonder"]
[Black "Githoro, Mbugua"]
[Result "1-0"]
[WhiteElo "2379"]
[BlackElo "2042"]
[PlyCount "55"]
[EventDate "2016.02.??"]
[EventType "swiss"]
[EventRounds "9"]
[EventCountry "USA"]

1. d4 e6 2. c4 f5 3. Nc3 Nf6 4. g3 d5 5. Bg2 c6 6. Nf3 Bd6 7. O-O Qe7 8. Bf4
Nbd7 9. Bxd6 Qxd6 10. e3 O-O 11. Nd2 b6 12. Rc1 Bb7 13. Qb3 Kh8 14. f4 Rad8 15.
Nf3 Ba6 16. Ne5 Ng4 17. Rfe1 Rc8 18. Qa4 Bxc4 19. b3 Bb5 20. Nxb5 cxb5 21. Rxc8
Ndxe5 22. Rxf8+ Qxf8 23. Qxb5 Nf7 24. Qd7 h5 25. Qxe6 Qb4 26. Qc8+ Kh7 27.
Qxf5+ Kh6 28. Rc1 1-0

[Event "7th Southwest Class Ch."]
[Site "Dallas"]
[Date "2016.02.11"]
[Round "1.16"]
[White "Potula, Kapish"]
[Black "Ruiz, Joshua"]
[Result "0-1"]
[WhiteElo "2042"]
[BlackElo "2371"]
[PlyCount "52"]
[EventDate "2016.02.??"]
[EventType "swiss"]
[EventRounds "9"]
[EventCountry "USA"]

1. d4 Nf6 2. c4 e6 3. Nc3 Bb4 4. a3 Bxc3+ 5. bxc3 O-O 6. e3 b6 7. Bd3 Bb7 8. f3
Nc6 9. Ne2 Na5 10. Ng3 Ne8 11. e4 Ba6 12. Qe2 c5 13. Be3 Rc8 14. Rc1 Nd6 15. e5
Ndxc4 16. Ne4 cxd4 17. Bxd4 Bb7 18. f4 Bxe4 19. Qxe4 Qh4+ 20. g3 Qh3 21. Bf1
Qh6 22. h4 d5 23. Qf3 Nb3 24. Rb1 Nbd2 25. Qd1 Nxb1 26. Qxb1 Qg6 0-1

[Event "7th Southwest Class Ch."]
[Site "Dallas"]
[Date "2016.02.11"]
[Round "1.17"]
[White "Hilby, Craig"]
[Black "Acosta, Mariano"]
[Result "1-0"]
[WhiteElo "2347"]
[BlackElo "2031"]
[PlyCount "54"]
[EventDate "2016.02.??"]
[EventType "swiss"]
[EventRounds "9"]
[EventCountry "USA"]

1. e4 c5 2. Nf3 g6 3. d4 cxd4 4. Nxd4 Bg7 5. Nc3 Nc6 6. Be3 d6 7. Bc4 Nf6 8. f3
Qb6 9. O-O O-O 10. Bb3 Qd8 11. h3 Na5 12. f4 Nxb3 13. axb3 a6 14. Qf3 Nd7 15.
Rad1 Rb8 16. b4 Re8 17. Qf2 Rf8 18. Nd5 e6 19. Nc3 Ra8 20. b5 Ra7 21. bxa6 Rxa6
22. Ndb5 Re8 23. Rd2 Rc6 24. Rfd1 Nf8 25. Bd4 Bh6 26. Rd3 Bd7 27. f5 Bg7 {
[%emt 0:00:34] 1-0,} 1-0

[Event "7th Southwest Class Ch."]
[Site "Dallas"]
[Date "2016.02.11"]
[Round "1.18"]
[White "Brooks, Curtis"]
[Black "Panchanatham, Vignesh"]
[Result "0-1"]
[WhiteElo "2022"]
[BlackElo "2339"]
[PlyCount "86"]
[EventDate "2016.02.??"]
[EventType "swiss"]
[EventRounds "9"]
[EventCountry "USA"]

1. e4 e6 2. d4 d5 3. e5 c5 4. c3 Nc6 5. Nf3 Qb6 6. Bd3 Bd7 7. O-O a5 8. Nbd2
cxd4 9. cxd4 Nh6 10. Nb3 a4 11. Nc5 Bxc5 12. dxc5 Qxc5 13. Bxh6 gxh6 14. Qd2
Qf8 15. Rac1 Qg7 16. Rfe1 Rg8 17. g3 a3 18. Kg2 f6 19. exf6 Qxf6 20. Bxh7 Rg7
21. Bb1 axb2 22. Rc2 Rf7 23. Nh4 O-O-O 24. Rxb2 Rg8 25. Bg6 Rxg6 26. Nxg6 Qxg6
27. Reb1 Qe4+ 28. Kg1 Ne5 29. Qc2+ Qxc2 30. Rxc2+ Bc6 31. f4 Nc4 32. Re1 Kd7
33. Rce2 Rf6 34. h3 Kd6 35. g4 d4 36. g5 hxg5 37. fxg5 Rg6 38. h4 e5 39. Rf2 d3
40. Rf6+ Rxf6 41. gxf6 d2 42. Rf1 Be8 43. Kf2 Nb2 0-1

[Event "7th Southwest Class Ch."]
[Site "Dallas"]
[Date "2016.02.11"]
[Round "1.19"]
[White "Gu, Christopher"]
[Black "Kelly, Joey"]
[Result "1/2-1/2"]
[WhiteElo "2337"]
[BlackElo "2016"]
[PlyCount "77"]
[EventDate "2016.02.??"]
[EventType "swiss"]
[EventRounds "9"]
[EventCountry "USA"]

1. Nf3 Nf6 2. c4 e6 3. g3 d5 4. b3 c5 5. Bg2 Nc6 6. O-O Be7 7. e3 b6 8. Bb2 O-O
9. Nc3 Bb7 10. cxd5 Nxd5 11. Nxd5 Qxd5 12. d4 Rfd8 13. Ne5 Qd6 14. Qf3 Nxe5 15.
Qxb7 Nd3 16. Ba3 Rab8 17. Qxa7 Rd7 18. Qa6 Nb4 19. Bxb4 cxb4 20. Rac1 Rc7 21.
Rc4 Qd7 22. Rfc1 Ra7 23. Bc6 Rxa6 24. Bxd7 Rxa2 25. Rc8+ Rxc8 26. Rxc8+ Bf8 27.
Rc7 Ra8 28. Bc6 Ra1+ 29. Kg2 Rc1 30. e4 g6 31. d5 exd5 32. exd5 Rc3 33. Rb7
Rxb3 34. Rxb6 Rb2 35. d6 Bxd6 36. Bd5 Rxf2+ 37. Kxf2 Bc5+ 38. Kf3 Bxb6 39. g4
1/2-1/2

[Event "7th Southwest Class Ch."]
[Site "Dallas"]
[Date "2016.02.11"]
[Round "1.20"]
[White "Niemann, Hans"]
[Black "Guo, Arthur"]
[Result "1-0"]
[WhiteElo "2010"]
[BlackElo "2320"]
[PlyCount "72"]
[EventDate "2016.02.??"]
[EventType "swiss"]
[EventRounds "9"]
[EventCountry "USA"]

1. e4 d5 2. exd5 Qxd5 3. Nc3 Qd6 4. g3 Nf6 5. Bg2 c6 6. Nge2 Bf5 7. d3 e6 8.
O-O Nbd7 9. h3 h6 10. Be3 Qc7 11. Rb1 Be7 12. b4 O-O 13. a4 Bh7 14. b5 Nd5 15.
Bd2 Rfd8 16. bxc6 bxc6 17. Nd4 a6 18. Nxd5 cxd5 19. Qe1 Qc5 20. Nxe6 fxe6 21.
Qxe6+ Kh8 22. Bb4 Qxb4 23. Rxb4 Bxb4 24. Qxd5 Rac8 25. h4 Nc5 26. Qc4 a5 27.
Bh3 Rb8 28. Qa2 Bc3 29. Qa3 Bd4 30. Qc1 Rf8 31. Bg2 Nxa4 32. Be4 Nc3 33. Bxh7
Ne2+ 34. Kh1 Nxc1 35. Rxc1 Bb2 36. Rf1 Kxh7 1-0

[Event "7th Southwest Class Ch."]
[Site "Dallas"]
[Date "2016.02.11"]
[Round "1.21"]
[White "Peng, David"]
[Black "Serna, Jeffery"]
[Result "0-1"]
[WhiteElo "2256"]
[BlackElo "2009"]
[PlyCount "44"]
[EventDate "2016.02.??"]
[EventType "swiss"]
[EventRounds "9"]
[EventCountry "USA"]

1. e4 e5 2. Nf3 Nc6 3. Bc4 Bc5 4. d3 Nf6 5. c3 O-O 6. O-O h6 7. d4 Bb6 8. Nxe5
Nxe4 9. Qf3 Nxe5 10. dxe5 d5 11. Bd3 f5 12. Be3 c6 13. Qe2 Bxe3 14. Qxe3 f4 15.
Qe2 f3 16. gxf3 Bh3 17. Qe3 Bxf1 18. Bxf1 Qg5+ 19. Bg2 Qxe3 20. fxe3 Nc5 21.
Nd2 Rae8 22. f4 g5 0-1

[Event "7th Southwest Class Ch."]
[Site "Dallas"]
[Date "2016.02.11"]
[Round "1.22"]
[White "Haskin, Zachary"]
[Black "Gorti, Akshita"]
[Result "1/2-1/2"]
[WhiteElo "2004"]
[BlackElo "2242"]
[PlyCount "123"]
[EventDate "2016.02.??"]
[EventType "swiss"]
[EventRounds "9"]
[EventCountry "USA"]

1. e4 e6 2. d4 d5 3. Nd2 Nf6 4. e5 Nfd7 5. Bd3 c5 6. c3 Nc6 7. Ne2 cxd4 8. cxd4
f6 9. exf6 Nxf6 10. Nf3 Bd6 11. O-O Qc7 12. Bg5 O-O 13. Rc1 h6 14. Bh4 Nh5 15.
Bg6 Rxf3 16. Bxh5 Bxh2+ 17. Kh1 Rf5 18. Bg6 Bd6 19. Bxf5 exf5 20. Nc3 Qf7 21.
f4 g5 22. Bg3 Be6 23. Kg1 Rc8 24. Ne2 g4 25. Qe1 Re8 26. Qd2 Qf6 27. Rfd1 h5
28. Qe1 Bf7 29. Qf2 Be7 30. Qf1 h4 31. Be1 Bd8 32. Rc2 Bb6 33. Bc3 g3 34. b4 a6
35. a4 Re4 36. Nc1 Qd6 37. Nd3 Nxd4 38. Bxd4 Bxd4+ 39. Kh1 Kg7 40. Rdc1 Re7 41.
Re1 Re4 42. Rec1 Be3 43. Re1 Bh5 44. Nc5 Rxf4 45. Qd3 d4 46. Rf1 Bf2 47. Nxb7
Qd5 48. Rc7+ Bf7 49. Qxa6 h3 50. Rxf7+ Kxf7 51. Nd6+ Ke7 52. Nc8+ Ke8 53. Nd6+
Kd7 54. Qc8+ Kxd6 55. Qd8+ Ke6 56. Qg8+ Ke5 57. Qh8+ Ke6 58. Qg8+ Kd6 59. Qd8+
Ke6 60. Qg8+ Ke5 61. Qh8+ Kd6 62. Qd8+ 1/2-1/2

[Event "7th Southwest Class Ch."]
[Site "Dallas"]
[Date "2016.02.11"]
[Round "1.23"]
[White "Toolin, Christopher"]
[Black "Xie, Tianming"]
[Result "1/2-1/2"]
[WhiteElo "2241"]
[BlackElo "1988"]
[PlyCount "159"]
[EventDate "2016.02.??"]
[EventType "swiss"]
[EventRounds "9"]
[EventCountry "USA"]

1. d4 d5 2. c4 e6 3. Nf3 Nf6 4. Nc3 Be7 5. Bf4 O-O 6. e3 Nbd7 7. Qc2 c5 8. dxc5
Nxc5 9. Be2 Bd7 10. Rd1 Qa5 11. O-O Bc6 12. Ne5 Rfd8 13. Nxc6 bxc6 14. a3 Nce4
15. Nxe4 Nxe4 16. Bd3 Bf6 17. f3 Nd6 18. c5 Nc4 19. Bxc4 dxc4 20. Bd6 Qb5 21.
Rf2 Rd7 22. e4 Rad8 23. Rfd2 Qb3 24. Qxb3 cxb3 25. Kf2 a5 26. f4 g6 27. e5 Bg7
28. Rd3 Rb7 29. Re1 Ra8 30. Ree3 a4 31. Re4 Raa7 32. Rc3 f6 33. Rcc4 fxe5 34.
Bxe5 Bxe5 35. Rxe5 Kf7 36. Rd4 Rd7 37. Rb4 Rd2+ 38. Re2 Rd5 39. Rbe4 Rxc5 40.
Rxe6 Rc1 41. Re1 Rc2+ 42. R6e2 Rb7 43. Ke3 Re7+ 44. Kf3 Rb7 45. Rd1 c5 46. Rdd2
Rxd2 47. Rxd2 c4 48. Rd1 Rc7 49. Rc1 c3 50. bxc3 b2 51. Rb1 Rxc3+ 52. Ke4 Rc2
53. Kd3 Rxg2 54. Kc3 Rxh2 55. Kb4 h5 56. Kxa4 h4 57. Kb3 Ke7 58. a4 Kd7 59.
Rd1+ Kc6 60. Ka2 Rg2 61. Rh1 Rg4 62. Kxb2 Rxf4 63. Rg1 Rf6 64. Rg4 h3 65. Kc3
h2 66. Rh4 Rf2 67. Rh6 Kd5 68. Kd3 Ra2 69. Ke3 Ke5 70. Kf3 Kf5 71. Kg3 Rxa4 72.
Kxh2 g5 73. Rb6 Kf4 74. Rb3 Ra2+ 75. Kg1 g4 76. Rc3 Re2 77. Ra3 Kg5 78. Rb3 Kh4
79. Ra3 g3 80. Ra8 1/2-1/2

[Event "7th Southwest Class Ch."]
[Site "Dallas"]
[Date "2016.02.11"]
[Round "1.24"]
[White "Dejmak, Mark"]
[Black "Prileltensky, Matan"]
[Result "0-1"]
[WhiteElo "1978"]
[BlackElo "2232"]
[PlyCount "68"]
[EventDate "2016.02.??"]
[EventType "swiss"]
[EventRounds "9"]
[EventCountry "USA"]

1. e4 c5 2. Nf3 e6 3. Nc3 a6 4. d4 cxd4 5. Nxd4 Qc7 6. Be2 b5 7. O-O b4 8. Na4
Bb7 9. Re1 Bd6 10. g3 Nf6 11. Bf3 Nc6 12. c3 O-O 13. Bd2 Rab8 14. Rc1 bxc3 15.
Bxc3 Be5 16. Nc5 Bxd4 17. Bxd4 Nxd4 18. Qxd4 Qb6 19. Qd3 Bc6 20. e5 Nd5 21.
Bxd5 exd5 22. b3 a5 23. Qf5 Qd8 24. Red1 Rc8 25. Rd4 d6 26. exd6 Qxd6 27. Ne4
Qh6 28. Nd2 Bd7 29. Qb1 Rxc1+ 30. Qxc1 Rc8 31. Qb1 Bh3 32. Rf4 Qc6 33. f3 Qc5+
34. Kh1 Qc1+ 0-1

[Event "7th Southwest Class Ch."]
[Site "Dallas"]
[Date "2016.02.11"]
[Round "1.25"]
[White "Song, Terry"]
[Black "Johnston, Daniel"]
[Result "1-0"]
[WhiteElo "2200"]
[BlackElo "1906"]
[PlyCount "81"]
[EventDate "2016.02.??"]
[EventType "swiss"]
[EventRounds "9"]
[EventCountry "USA"]

1. e4 c5 2. Nf3 g6 3. d4 cxd4 4. Nxd4 Nc6 5. Nc3 Bg7 6. Be3 Nf6 7. Bc4 Qa5 8.
O-O O-O 9. Bb3 d6 10. h3 Bd7 11. f4 Nxd4 12. Bxd4 Bc6 13. Qe1 Qd8 14. Rd1 Nd7
15. Bxg7 Kxg7 16. Nd5 Nb6 17. Qe3 Nxd5 18. exd5 Bd7 19. Kh1 h6 20. c3 Re8 21.
Rd4 Qb6 22. f5 g5 23. Qf3 f6 24. Re4 Qd8 25. Rfe1 Rc8 26. Bc2 h5 27. Qxh5 Bxf5
28. Qxe8 Qxe8 29. Rxe7+ Qxe7 30. Rxe7+ Kg6 31. Bxf5+ Kxf5 32. Rxb7 Rc5 33. Rxa7
Rxd5 34. a4 Kf4 35. Kh2 f5 36. a5 Ke3 37. a6 Kd3 38. Rd7 Ra5 39. Rxd6+ Kc4 40.
Kg3 Ra2 41. Rg6 1-0

[Event "7th Southwest Class Ch."]
[Site "Dallas"]
[Date "2016.02.11"]
[Round "1.26"]
[White "Vaidya, Atreya"]
[Black "Langer, Michael"]
[Result "0-1"]
[WhiteElo "1848"]
[BlackElo "2198"]
[PlyCount "60"]
[EventDate "2016.02.??"]
[EventType "swiss"]
[EventRounds "9"]
[EventCountry "USA"]

1. e4 c5 2. Nf3 d6 3. d4 cxd4 4. Nxd4 Nf6 5. Nc3 a6 6. Be2 e5 7. Nb3 Be7 8. Be3
O-O 9. O-O Be6 10. Kh1 b5 11. Nd5 Nbd7 12. Nxe7+ Qxe7 13. f3 d5 14. Bd3 d4 15.
Bd2 Nb6 16. Qe1 Rfe8 17. Bb4 Qc7 18. Ba5 Qc6 19. Qb4 Nc4 20. Rab1 Nh5 21. Nc5
Ne3 22. Rf2 Bc4 23. Nb3 Nf4 24. Qc5 Qf6 25. Rd2 Rac8 26. Qb4 Bxd3 27. cxd3 Nc2
28. Rxc2 Rxc2 29. Rg1 Nxd3 30. Qa3 Nf2# 0-1